| 000 | 00778nam a2200229Ia 4500 | ||
|---|---|---|---|
| 003 | Ost | ||
| 005 | 20260507075802.0 | ||
| 008 | 260507s9999||||xx |||||||||||||| ||und|| | ||
| 020 | _a9789931843016 | ||
| 040 | _cfsecg | ||
| 041 | _aara | ||
| 082 | _a658.84 | ||
| 100 |
_aبن عيسى صالحي ، مختار _eمؤلف |
||
| 245 | 0 |
_aالتسويق الشبكي : _bدراسة علمية فقهية / _c مختار بن عيسى صالحي |
|
| 260 |
_aالجزائر: _bبويلدر فيزيون, |
||
| 300 | _a121 صفحة؛ | ||
| 504 | _aببليوغرافيا | ||
| 520 | _aالاشسيبلاللاةىةويرهن نوؤلاةلاى وزءؤرتاثهتنة نمبنت | ||
| 653 | _aالتسويق الشبكي | ||
| 653 | _aالشرع | ||
| 942 | _cكتاب | ||
| 999 |
_c46310 _d46310 |
||